[Event "Titled Tuesday intern op 06th Apr"]
[Site "Chess.com INT"]
[Date "2021.04.06"]
[Round "1"]
[White "Avramidou, Anastasia"]
[Black "Stetsko, Lanita"]
[Result "1-0"]
[WhiteElo "2238"]
[BlackElo "2196"]
[PlyCount "47"]
[EventDate "2021.04.06"]
[EventType "swiss (blitz)"]
[EventRounds "11"]
[EventCountry "USA"]
[SourceTitle "CBM 201 Extra"]
[Source "ChessBase"]
[SourceDate "2021.05.31"]
[SourceVersion "1"]
[SourceVersionDate "2021.05.31"]
[SourceQuality "1"]

1. d4 Nf6 2. c4 e6 3. Nc3 Bb4 4. Nf3 d5 5. g3 dxc4 6. Bg2 Nc6 7. 0-0 0-0 8. Qa4 a6 9. Rd1 Bd7 10. Qc2 Qe7 11. e4 e5 12. dxe5 Nxe5 13. Nxe5 Qxe5 14. Bf4 Qe7 15. e5 Ng4 16. Nd5 Qc5 17. Nxb4 Qxb4 18. Rxd7 Rad8 19. Rxd8 Rxd8 20. h3 Nh6 21. Bxh6 gxh6 22. a3 Qc5 23. Re1 b5 24. Qf5 1-0

[Event "Titled Tuesday intern op 30th Mar"]
[Site "Chess.com INT"]
[Date "2021.03.30"]
[Round "2"]
[White "Rodchenkov, Sergey D"]
[Black "Stetsko, Lanita"]
[Result "1-0"]
[WhiteElo "2346"]
[BlackElo "2196"]
[PlyCount "47"]
[EventDate "2021.03.30"]
[EventType "swiss (blitz)"]
[EventRounds "11"]
[EventCountry "USA"]
[SourceTitle "CBM 201 Extra"]
[Source "ChessBase"]
[SourceDate "2021.05.31"]
[SourceVersion "1"]
[SourceVersionDate "2021.05.31"]
[SourceQuality "1"]

1. Nf3 Nf6 2. c4 e6 3. b3 d5 4. Bb2 b6 5. e3 Bb7 6. d4 Nbd7 7. Bd3 Bd6 8. 0-0 Ne4 9. Nc3 a6 10. Rc1 f5 11. cxd5 exd5 12. Qe2 0-0 13. Rfd1 Qf6 14. g3 g5 15. Ne5 Nxe5 16. dxe5 Bxe5 17. Bxe4 fxe4 18. Rd2 d4 19. exd4 Bxd4 20. Nxe4 Bxe4 21. Rxd4 Bf3 22. Qd2 Qf5 23. Rd7 Rf7 24. Rxf7 1-0

[Event "Titled Tuesday intern op 30th Mar"]
[Site "Chess.com INT"]
[Date "2021.03.30"]
[Round "1"]
[White "Stetsko, Lanita"]
[Black "Korkmaz, Necmettin"]
[Result "1/2-1/2"]
[WhiteElo "2196"]
[BlackElo "2101"]
[PlyCount "82"]
[EventDate "2021.03.30"]
[EventType "swiss (blitz)"]
[EventRounds "11"]
[EventCountry "USA"]
[SourceTitle "CBM 201 Extra"]
[Source "ChessBase"]
[SourceDate "2021.05.31"]
[SourceVersion "1"]
[SourceVersionDate "2021.05.31"]
[SourceQuality "1"]

1. e4 e6 2. d4 d5 3. Nc3 Nf6 4. Bg5 Be7 5. e5 Nfd7 6. h4 Bxg5 7. hxg5 Qxg5 8. Nf3 Qe7 9. Bd3 h6 10. Qd2 Nc6 11. g4 Nb6 12. g5 h5 13. g6 f6 14. exf6 gxf6 15. 0-0-0 Rg8 16. Rxh5 Bd7 17. Rh7 Qb4 18. a3 Qa5 19. Rf7 e5 20. dxe5 fxe5 21. Qg5 Be6 22. Rxc7 Na4 23. Rxc6 bxc6 24. Nxa4 Qxa4 25. Qf6 Qf4+ 26. Qxf4 exf4 27. Nd4 Bd7 28. Re1+ Kd8 29. Ne6+ Bxe6 30. Rxe6 Kd7 31. Re5 Raf8 32. Rh5 Rg7 33. Kd2 Rf6 34. f3 Kd6 35. Rh8 c5 36. c4 d4 37. Rd8+ Kc7 38. Ra8 Kb7 39. Rd8 Kc7 40. Ra8 Kb6 41. Rd8 Kc7 1/2-1/2

[Event "BLR-ch (Women)"]
[Site "Minsk"]
[Date "2019.06.03"]
[Round "5"]
[White "Stetsko, Lanita"]
[Black "Ilyuchyk, Yana"]
[Result "1-0"]
[WhiteElo "2226"]
[BlackElo "2137"]
[PlyCount "79"]
[EventDate "2019.05.30"]
[EventType "tourn"]
[EventRounds "9"]
[EventCountry "BLR"]
[SourceTitle "CBM 190 Extra"]
[Source "ChessBase"]
[SourceDate "2019.07.15"]
[SourceVersion "1"]
[SourceVersionDate "2019.07.15"]
[SourceQuality "1"]

1. e4 c5 2. Nf3 Nc6 3. d4 cxd4 4. Nxd4 Nf6 5. Nc3 d6 6. Bg5 e6 7. Qd2 a6 8. 0-0-0 Bd7 9. f3 Be7 10. h4 h6 11. Be3 h5 12. Bg5 Qc7 13. Nxc6 Bxc6 14. Ne2 Rc8 15. Nd4 Bd7 16. Kb1 e5 17. Ne2 Be6 18. Nc3 Ng8 19. Bxe7 Kxe7 20. g4 hxg4 21. fxg4 Nf6 22. Be2 Qc5 23. h5 Kd7 24. g5 Ng4 25. Rdf1 Ne3 26. Rf3 Nc4 27. Bxc4 Qxc4 28. Rd3 Qc5 29. Rd1 Rxh5 30. Na4 Qb5 31. Nb6+ Qxb6 32. Rxd6+ Qxd6 33. Qxd6+ Ke8 34. g6 Rh6 35. gxf7+ Kxf7 36. Qxe5 Rf6 37. Rg1 g6 38. Rh1 Kg7 39. b3 b5 40. Qg5 1-0

[Event "Wch Blitz (Women)"]
[Site "St Petersburg"]
[Date "2018.12.29"]
[Round "3"]
[White "Charochkina, Daria"]
[Black "Stetsko, Lanita"]
[Result "1-0"]
[WhiteElo "2344"]
[BlackElo "2194"]
[PlyCount "55"]
[EventDate "2018.12.29"]
[EventType "swiss (blitz)"]
[EventRounds "17"]
[EventCountry "RUS"]
[SourceTitle "CBM 187 Extra"]
[Source "ChessBase"]
[SourceDate "2018.11.04"]
[SourceVersion "1"]
[SourceVersionDate "2018.11.04"]
[SourceQuality "1"]

1. d4 Nf6 2. c4 e6 3. Nc3 Bb4 4. Qc2 b6 5. e4 c5 6. d5 Qe7 7. Nge2 0-0 8. Bd2 exd5 9. exd5 d6 10. f3 Qe5 11. Bf4 Qe7 12. 0-0-0 Nbd7 13. Ng3 Ne5 14. Kb1 Ng6 15. Bd2 Ne5 16. Be2 a6 17. Rhe1 Qc7 18. a3 Bxc3 19. Bxc3 b5 20. f4 Nxc4 21. Bxc4 bxc4 22. Bxf6 gxf6 23. Nh5 Qd8 24. Qc3 Bf5+ 25. Ka1 Bg6 26. Nxf6+ Kh8 27. Re3 Rb8 28. Nxh7+ 1-0

[Event "Wch Rapid (Women)"]
[Site "St Petersburg"]
[Date "2018.12.28"]
[Round "10"]
[White "Belova, Olga"]
[Black "Stetsko, Lanita"]
[Result "0-1"]
[WhiteElo "2069"]
[BlackElo "2194"]
[PlyCount "100"]
[EventDate "2018.12.26"]
[EventType "swiss (rapid)"]
[EventRounds "12"]
[EventCountry "RUS"]
[SourceTitle "CBM 187 Extra"]
[Source "ChessBase"]
[SourceDate "2018.11.04"]
[SourceVersion "1"]
[SourceVersionDate "2018.11.04"]
[SourceQuality "1"]

1. e4 e5 2. Nf3 Nc6 3. Bb5 a6 4. Ba4 Nf6 5. 0-0 Be7 6. Re1 b5 7. Bb3 d6 8. c3 0-0 9. h3 Na5 10. Bc2 c5 11. d4 Qc7 12. Nbd2 cxd4 13. cxd4 Rd8 14. d5 Bd7 15. Nf1 Rdc8 16. Bd3 Nb7 17. Ng3 Nc5 18. Bf1 b4 19. Bd2 a5 20. Rc1 Qb7 21. Bg5 Bd8 22. Nd2 h6 23. Bxf6 Bxf6 24. Nc4 Be7 25. Nf5 Bxf5 26. exf5 Nd7 27. f4 Bh4 28. Re3 exf4 29. Re4 Nf6 30. Rd4 Rd8 31. Rc2 Bg3 32. Qf3 Rac8 33. Rcd2 Rc5 34. b3 Qd7 35. Bd3 Re8 36. Be4 Nxe4 37. Rxe4 Rxe4 38. Qxe4 Rc8 39. Re2 a4 40. Qb1 axb3 41. axb3 Qa7+ 42. Kh1 Ra8 43. Nxd6 Qd7 44. Ne4 Qxf5 45. d6 f3 46. gxf3 Bxd6 47. Rg2 Be5 48. Ra2 Qxf3+ 49. Kg1 Rxa2 50. Qxa2 Qxe4 0-1

[Event "Wch Rapid (Women)"]
[Site "St Petersburg"]
[Date "2018.12.28"]
[Round "9"]
[White "Loskutova, Viktoriya"]
[Black "Stetsko, Lanita"]
[Result "1/2-1/2"]
[WhiteElo "2105"]
[BlackElo "2194"]
[PlyCount "77"]
[EventDate "2018.12.26"]
[EventType "swiss (rapid)"]
[EventRounds "12"]
[EventCountry "RUS"]
[SourceTitle "CBM 187 Extra"]
[Source "ChessBase"]
[SourceDate "2018.11.04"]
[SourceVersion "1"]
[SourceVersionDate "2018.11.04"]
[SourceQuality "1"]

1. e4 e5 2. Nf3 Nc6 3. Bb5 a6 4. Ba4 Nf6 5. 0-0 Be7 6. Re1 b5 7. Bb3 d6 8. c3 0-0 9. h3 Na5 10. Bc2 c5 11. d4 Qc7 12. Nbd2 cxd4 13. cxd4 Rd8 14. b3 Nc6 15. Bb2 Bb7 16. Rc1 Qb6 17. Nf1 d5 18. dxe5 Nxe4 19. Qe2 Bb4 20. N3d2 Ne7 21. Bxe4 dxe4 22. a3 Bc5 23. Ng3 Bxf2+ 24. Qxf2 Qxf2+ 25. Kxf2 Rxd2+ 26. Re2 Rxe2+ 27. Kxe2 Nd5 28. Nh5 Rc8 29. Rxc8+ Bxc8 30. Bd4 Be6 31. b4 h6 32. Kf2 Ne7 33. Ng3 Bd5 34. Ke3 Bc6 35. Nxe4 Nd5+ 36. Kf3 Nc7 37. Ke3 Nd5+ 38. Kf3 Nc7 39. Ke3 1/2-1/2

[Event "Wch Rapid (Women)"]
[Site "St Petersburg"]
[Date "2018.12.28"]
[Round "11"]
[White "Stetsko, Lanita"]
[Black "Mamedjarova, Zeinab"]
[Result "1/2-1/2"]
[WhiteElo "2194"]
[BlackElo "2338"]
[PlyCount "56"]
[EventDate "2018.12.26"]
[EventType "swiss (rapid)"]
[EventRounds "12"]
[EventCountry "RUS"]
[SourceTitle "CBM 187 Extra"]
[Source "ChessBase"]
[SourceDate "2018.11.04"]
[SourceVersion "1"]
[SourceVersionDate "2018.11.04"]
[SourceQuality "1"]

1. e4 e5 2. Nf3 Nf6 3. Nxe5 d6 4. Nf3 Nxe4 5. Nc3 Nxc3 6. dxc3 Nc6 7. Be3 Be6 8. Qd2 Be7 9. 0-0-0 Qd7 10. Kb1 0-0-0 11. h3 h6 12. Nd4 a6 13. Nxe6 fxe6 14. f4 d5 15. Bd3 Bf6 16. g4 Kb8 17. g5 hxg5 18. fxg5 Be7 19. h4 e5 20. Be4 d4 21. cxd4 Nxd4 22. Bxd4 exd4 23. Qd3 Qg4 24. Rdg1 Qf4 25. Rf1 Qg4 26. Rfg1 Qf4 27. Rf1 Qg4 28. Rfg1 Qf4 1/2-1/2

[Event "Wch Rapid (Women)"]
[Site "St Petersburg"]
[Date "2018.12.27"]
[Round "7"]
[White "Bulatova, Kamaliya"]
[Black "Stetsko, Lanita"]
[Result "1/2-1/2"]
[WhiteElo "2007"]
[BlackElo "2194"]
[PlyCount "64"]
[EventDate "2018.12.26"]
[EventType "swiss (rapid)"]
[EventRounds "12"]
[EventCountry "RUS"]
[SourceTitle "CBM 187 Extra"]
[Source "ChessBase"]
[SourceDate "2018.11.04"]
[SourceVersion "1"]
[SourceVersionDate "2018.11.04"]
[SourceQuality "1"]

1. d4 Nf6 2. c4 e6 3. Nc3 Bb4 4. e3 0-0 5. Bd3 d5 6. Nf3 c5 7. 0-0 Nc6 8. cxd5 exd5 9. dxc5 Bxc5 10. h3 Qe7 11. a3 Rd8 12. b4 Bb6 13. Nb5 Ne4 14. Bb2 Bf5 15. Nbd4 Nxd4 16. Nxd4 Bg6 17. Rc1 Rac8 18. Rxc8 Rxc8 19. Qg4 Rd8 20. Rc1 h5 21. Qd1 Re8 22. Qe2 a6 23. Ba1 Bc7 24. Nf3 f6 25. Qa2 Bf7 26. Qe2 Qd6 27. Qc2 Bb8 28. Bd4 g5 29. Bc5 Qe6 30. Nd4 Qe5 31. Nf3 Qe6 32. Nd4 Qe5 1/2-1/2

[Event "Wch Rapid (Women)"]
[Site "St Petersburg"]
[Date "2018.12.27"]
[Round "5"]
[White "Stetsko, Lanita"]
[Black "Zhukova, Natalia"]
[Result "0-1"]
[WhiteElo "2194"]
[BlackElo "2377"]
[PlyCount "62"]
[EventDate "2018.12.26"]
[EventType "swiss (rapid)"]
[EventRounds "12"]
[EventCountry "RUS"]
[SourceTitle "CBM 187 Extra"]
[Source "ChessBase"]
[SourceDate "2018.11.04"]
[SourceVersion "1"]
[SourceVersionDate "2018.11.04"]
[SourceQuality "1"]

1. e4 Nf6 2. e5 Nd5 3. d4 d6 4. Nf3 dxe5 5. Nxe5 g6 6. c4 Nf6 7. Nc3 Bg7 8. Be2 0-0 9. 0-0 Nfd7 10. Nf3 Nc6 11. d5 Nce5 12. Nxe5 Nxe5 13. f4 Nd7 14. Be3 Nf6 15. Bf3 e6 16. Qb3 exd5 17. cxd5 Bg4 18. h3 Bxf3 19. Rxf3 Re8 20. Bf2 Ne4 21. Nxe4 Rxe4 22. Qxb7 Rb8 23. Qxa7 Rxb2 24. Rc1 Rxf2 25. Rxf2 Bd4 26. Qa5 Re2 27. Rcf1 Qh4 28. Qb4 Qxf4 29. Kh1 Rxf2 30. Rxf2 Qc1+ 31. Kh2 Bxf2 0-1

[Event "Wch Rapid (Women)"]
[Site "St Petersburg"]
[Date "2018.12.26"]
[Round "4"]
[White "Guichard, Pauline"]
[Black "Stetsko, Lanita"]
[Result "1/2-1/2"]
[WhiteElo "2378"]
[BlackElo "2194"]
[PlyCount "125"]
[EventDate "2018.12.26"]
[EventType "swiss (rapid)"]
[EventRounds "12"]
[EventCountry "RUS"]
[SourceTitle "CBM 187 Extra"]
[Source "ChessBase"]
[SourceDate "2018.11.04"]
[SourceVersion "1"]
[SourceVersionDate "2018.11.04"]
[SourceQuality "1"]

1. d4 Nf6 2. Nf3 e6 3. Bf4 d5 4. e3 c5 5. Be2 Nc6 6. c3 Bd6 7. dxc5 Bxc5 8. Nbd2 0-0 9. 0-0 h6 10. h3 Bd6 11. Bxd6 Qxd6 12. c4 Rd8 13. Rc1 Qe7 14. a3 e5 15. cxd5 Rxd5 16. Bc4 Rd8 17. Qc2 e4 18. Nh2 Bf5 19. Rfd1 Ne5 20. Nhf1 Rac8 21. Qa4 a6 22. Qa5 Bxh3 23. Bxf7+ Nxf7 24. gxh3 Rxc1 25. Rxc1 Nd5 26. Ng3 Ng5 27. h4 Nf3+ 28. Nxf3 exf3 29. Rd1 b6 30. Qxa6 Qxh4 31. Rd4 Qg5 32. Qc4 Kh8 33. Qd3 Rc8 34. Qd1 Nxe3 35. Qd2 Nc4 36. Qxg5 hxg5 37. Ne4 Nxb2 38. Nxg5 Nc4 39. Rd3 Ra8 40. a4 Ne5 41. Re3 Ng6 42. Rxf3 Rxa4 43. Kf1 b5 44. Rb3 b4 45. Ke2 Kg8 46. Kd3 Ra3 47. Kc2 Ra2+ 48. Rb2 Rxb2+ 49. Kxb2 Ne5 50. Kb3 Nd3 51. Kc4 Nxf2 52. Kxb4 g6 53. Kc4 Kg7 54. Kd4 Kf6 55. Nh7+ Kf5 56. Ke3 Ng4+ 57. Kf3 Nh6 58. Kg3 Nf7 59. Kf3 Ng5+ 60. Nxg5 Kxg5 61. Kg3 Kf5 62. Kf3 g5 63. Kg3 1/2-1/2

[Event "Sharjah Cup (Women) 9th"]
[Site "Sharjah"]
[Date "2018.12.19"]
[Round "8"]
[White "Stetsko, Lanita"]
[Black "Novikova, Margarita"]
[Result "1-0"]
[WhiteElo "2194"]
[BlackElo "2017"]
[PlyCount "101"]
[EventDate "2018.12.14"]
[EventType "swiss"]
[EventRounds "9"]
[EventCountry "UAE"]
[SourceTitle "CBM 187 Extra"]
[Source "ChessBase"]
[SourceDate "2018.11.04"]
[SourceVersion "1"]
[SourceVersionDate "2018.11.04"]
[SourceQuality "1"]

1. e4 d5 2. exd5 Qxd5 3. Nc3 Qd6 4. d4 Nf6 5. Nf3 Bf5 6. g3 c6 7. Bg2 e6 8. 0-0 Qc7 9. Ne5 Nbd7 10. Nc4 Nb6 11. Bf4 Qd8 12. Ne3 Bg6 13. Re1 Be7 14. Be5 0-0 15. h4 h6 16. Ng4 Nxg4 17. Qxg4 Bf6 18. Be4 Bh7 19. Bxh7+ Kxh7 20. Ne4 Nd7 21. Rad1 Qa5 22. Bd6 Rfe8 23. a3 Be7 24. Qf4 Kg8 25. Re3 Qh5 26. Rde1 Bxd6 27. Nxd6 Rf8 28. Nxb7 Rab8 29. Rb3 Qd5 30. Nc5 e5 31. Qe4 Qxe4 32. Rxe4 Nxc5 33. dxc5 Rxb3 34. cxb3 Rb8 35. Rxe5 Rxb3 36. Re8+ Kh7 37. Rc8 Rxb2 38. Rxc6 a5 39. Ra6 Rb5 40. c6 Rc5 41. Kf1 Rc3 42. a4 Rc4 43. Ke2 Rxa4 44. Kd3 Ra1 45. Kc4 Kg8 46. Kb5 Rb1+ 47. Kxa5 Kh7 48. c7 Rc1 49. Kb6 Rb1+ 50. Ka7 Rc1 51. Kb7 1-0

[Event "Sharjah Cup (Women) 9th"]
[Site "Sharjah"]
[Date "2018.12.17"]
[Round "6"]
[White "Stetsko, Lanita"]
[Black "Samaganova, Alexandra"]
[Result "1-0"]
[WhiteElo "2194"]
[BlackElo "2038"]
[PlyCount "65"]
[EventDate "2018.12.14"]
[EventType "swiss"]
[EventRounds "9"]
[EventCountry "UAE"]
[SourceTitle "CBM 187 Extra"]
[Source "ChessBase"]
[SourceDate "2018.11.04"]
[SourceVersion "1"]
[SourceVersionDate "2018.11.04"]
[SourceQuality "1"]

1. e4 c5 2. Nf3 e6 3. d4 cxd4 4. Nxd4 a6 5. Nc3 Qc7 6. Bd3 Nf6 7. 0-0 Be7 8. Kh1 0-0 9. f4 d6 10. Qe2 Nbd7 11. Bd2 b5 12. Rae1 b4 13. Nd1 Qb6 14. Be3 Nc5 15. e5 Nd5 16. Bg1 g6 17. f5 dxe5 18. fxe6 Bxe6 19. Nxe6 Qxe6 20. Bc4 Nd7 21. Ne3 N7b6 22. Nxd5 Nxd5 23. Qxe5 Rad8 24. Qg3 Bd6 25. Qg5 Be7 26. Rxe6 Bxg5 27. Re5 Bf6 28. Rxd5 Rxd5 29. Bxd5 Bxb2 30. Bb3 Kg7 31. Bc5 Rb8 32. Rxf7+ Kh8 33. Rf8+ 1-0

[Event "Sharjah Cup (Women) 9th"]
[Site "Sharjah"]
[Date "2018.12.15"]
[Round "3"]
[White "Cyfka, Karina"]
[Black "Stetsko, Lanita"]
[Result "1-0"]
[WhiteElo "2408"]
[BlackElo "2194"]
[PlyCount "111"]
[EventDate "2018.12.14"]
[EventType "swiss"]
[EventRounds "9"]
[EventCountry "UAE"]
[SourceTitle "CBM 187 Extra"]
[Source "ChessBase"]
[SourceDate "2018.11.04"]
[SourceVersion "1"]
[SourceVersionDate "2018.11.04"]
[SourceQuality "1"]

1. d4 Nf6 2. c4 e6 3. Nf3 d5 4. Bg5 Bb4+ 5. Nc3 dxc4 6. e4 c5 7. Bxc4 cxd4 8. Nxd4 Qa5 9. Bb5+ Bd7 10. Bxf6 gxf6 11. Bxd7+ Nxd7 12. 0-0 Rd8 13. Nce2 Qe5 14. Qc2 0-0 15. Rad1 Kh8 16. Nf3 Qc5 17. Qb3 Qb6 18. a3 Be7 19. Qc2 Ne5 20. Ned4 Bc5 21. Nxe5 Bxd4 22. Nf3 Bc5 23. g3 Be7 24. Kg2 Rc8 25. Qe2 Rfd8 26. Rxd8+ Rxd8 27. Rc1 Kg7 28. Qc2 Bd6 29. Qe2 Be7 30. Rc3 Qa5 31. Qc2 Bd6 32. Rc4 a6 33. e5 Bxe5 34. Rc5 Qb6 35. Nxe5 fxe5 36. Rxe5 f6 37. Re4 Rd5 38. Qc8 Qc6 39. Qxc6 bxc6 40. Rxe6 Rc5 41. Kf3 a5 42. Re7+ Kg6 43. Re2 h5 44. h3 Rb5 45. Rc2 Rb3+ 46. Kf4 a4 47. h4 Rb5 48. Ke4 Kf7 49. f3 c5 50. g4 hxg4 51. fxg4 Kg6 52. Kd5 f5 53. gxf5+ Kxf5 54. Kc6 Rb3 55. Rxc5+ Kg6 56. Rb5 1-0

[Event "Olympiad Women-43"]
[Site "Batumi"]
[Date "2018.09.28"]
[Round "5.16"]
[White "Stetsko, Lanita"]
[Black "Abdumalik, Zhansaya"]
[Result "1-0"]
[WhiteElo "2188"]
[BlackElo "2482"]
[PlyCount "101"]
[EventDate "2018.09.24"]
[EventType "team-swiss"]
[EventRounds "11"]
[EventCountry "GEO"]
[SourceTitle "EXT 2020"]
[Source "ChessBase"]
[SourceDate "2019.10.17"]
[SourceVersion "1"]
[SourceVersionDate "2019.10.17"]
[SourceQuality "1"]
[WhiteTeam "Belarus (W)"]
[BlackTeam "Kazakhstan (W)"]
[WhiteTeamCountry "BLR"]
[BlackTeamCountry "KAZ"]

1. e4 c5 2. Nf3 e6 3. d4 cxd4 4. Nxd4 a6 5. Nc3 b5 6. Bd3 Ne7 7. 0-0 Nec6 8. Nxc6 Nxc6 9. Qg4 h5 10. Qd1 Bc5 11. Re1 Ne5 12. Be3 Bxe3 13. Rxe3 Bb7 14. Be2 Qc7 15. Qd4 Nc6 16. Qd2 Ne5 17. Qd4 Nc6 18. Qd2 Qe5 19. Rd1 Rd8 20. a4 bxa4 21. Nxa4 h4 22. h3 Qc7 23. Nc5 0-0 24. Qd6 Qc8 25. Rb3 Na5 26. Ra3 Nc6 27. Rb3 Na5 28. Ra3 Nc6 29. Bxa6 Bxa6 30. Rxa6 Nb4 31. Ra3 Qc6 32. c3 Nc2 33. Ra7 Qb5 34. b4 Ra8 35. Rxa8 Rxa8 36. Qxd7 Qb8 37. Qd3 Na3 38. Ra1 Qb6 39. Nd7 Qd8 40. Nc5 Qb6 41. e5 Ra7 42. Ne4 Qb8 43. Rd1 Ra8 44. Ng5 g6 45. Qe4 Kf8 46. Qf4 Qe8 47. Qxh4 Nb5 48. Qh8+ Ke7 49. Qf6+ Kf8 50. Nxe6+ Qxe6 51. Qh8+ 1-0

[Event "Olympiad Women-43"]
[Site "Batumi"]
[Date "2018.09.25"]
[Round "2.27"]
[White "Medic, Mirjana"]
[Black "Stetsko, Lanita"]
[Result "1/2-1/2"]
[WhiteElo "2167"]
[BlackElo "2188"]
[PlyCount "66"]
[EventDate "2018.09.24"]
[EventType "team-swiss"]
[EventRounds "11"]
[EventCountry "GEO"]
[SourceTitle "EXT 2020"]
[Source "ChessBase"]
[SourceDate "2019.10.17"]
[SourceVersion "1"]
[SourceVersionDate "2019.10.17"]
[SourceQuality "1"]
[WhiteTeam "Croatia (W)"]
[BlackTeam "Belarus (W)"]
[WhiteTeamCountry "CRO"]
[BlackTeamCountry "BLR"]

1. d4 Nf6 2. c4 e6 3. Nc3 Bb4 4. e3 0-0 5. Bd3 d5 6. Nf3 c5 7. 0-0 Nc6 8. cxd5 exd5 9. dxc5 Bxc5 10. Be2 a6 11. a3 Ba7 12. b4 d4 13. exd4 Nxd4 14. Nxd4 Qxd4 15. Bb2 Be6 16. Qxd4 Bxd4 17. Bf3 Rab8 18. Rad1 Rfd8 19. Rd2 Bb3 20. Re1 Kf8 21. h3 b6 22. Ne4 Bxb2 23. Rxb2 Nxe4 24. Rxe4 Bd5 25. Re3 Bxf3 26. Rxf3 Rd1+ 27. Kh2 Rc8 28. Rbb3 Rd6 29. Rbc3 Rxc3 30. Rxc3 Ke7 31. Rc7+ Rd7 32. Rc6 Rd6 33. Rc7+ Rd7 1/2-1/2

[Event "Pardubice Czech op-A 29th"]
[Site "Pardubice"]
[Date "2018.07.23"]
[Round "4"]
[White "Mueller, Ralf1111"]
[Black "Stetsko, Lanita"]
[Result "1/2-1/2"]
[WhiteElo "2335"]
[BlackElo "2200"]
[PlyCount "99"]
[EventDate "2018.07.20"]
[EventType "swiss"]
[EventRounds "9"]
[EventCountry "CZE"]
[SourceTitle "CBM 185 Extra"]
[Source "ChessBase"]
[SourceDate "2018.07.29"]
[SourceVersion "1"]
[SourceVersionDate "2018.07.29"]
[SourceQuality "1"]

1. d4 Nf6 2. Nf3 e6 3. c4 d5 4. g3 Be7 5. Bg2 0-0 6. 0-0 dxc4 7. Qc2 a6 8. a4 Bd7 9. Qxc4 Bc6 10. Bg5 Nbd7 11. Nc3 h6 12. Bf4 Bd6 13. Bxd6 cxd6 14. a5 Bxf3 15. Bxf3 d5 16. Qb4 Rb8 17. Rfc1 b6 18. Rc2 Qc7 19. Qa4 b5 20. Qb4 Qc4 21. Qxc4 bxc4 22. e4 e5 23. Nxd5 Nxd5 24. exd5 exd4 25. d6 Ne5 26. Bd5 d3 27. Rc3 Rfd8 28. Bxc4 Rxd6 29. b3 Nxc4 30. bxc4 d2 31. Rd1 Rc8 32. c5 Rdc6 33. Rxd2 Rxc5 34. Rd8+ Rxd8 35. Rxc5 Rd1+ 36. Kg2 Ra1 37. h4 Kf8 38. Re5 f6 39. Rc5 Ke7 40. g4 Kd6 41. Rc8 Rxa5 42. Rg8 h5 43. Rxg7 hxg4 44. Rxg4 Ke6 45. Rg7 Kf5 46. h5 Kf4 47. h6 Rh5 48. h7 a5 49. Ra7 f5 50. Rxa5 1/2-1/2

[Event "Minsk Amateur op"]
[Site "Minsk"]
[Date "2018.07.01"]
[Round "9"]
[White "Stetsko, Lanita"]
[Black "Lazavik, Denis"]
[Result "1/2-1/2"]
[WhiteElo "2209"]
[BlackElo "2111"]
[PlyCount "82"]
[EventDate "2018.06.25"]
[EventType "swiss"]
[EventRounds "9"]
[EventCountry "BLR"]
[SourceTitle "CBM 185 Extra"]
[Source "ChessBase"]
[SourceDate "2018.07.29"]
[SourceVersion "1"]
[SourceVersionDate "2018.07.29"]
[SourceQuality "1"]

1. e4 e5 2. Nf3 Nc6 3. Bb5 a6 4. Ba4 Nf6 5. 0-0 Be7 6. Re1 b5 7. Bb3 d6 8. c3 0-0 9. h3 Bb7 10. d4 Re8 11. Nbd2 Bf8 12. a3 h6 13. Bc2 Nb8 14. b3 Nbd7 15. Bb2 g6 16. d5 c6 17. dxc6 Bxc6 18. c4 Bg7 19. b4 Rc8 20. Bd3 Nb6 21. cxb5 axb5 22. Rc1 Qd7 23. Nb3 Ba8 24. Qe2 Nc4 25. Bxc4 Rxc4 26. Rxc4 bxc4 27. Nbd2 d5 28. exd5 Nxd5 29. Qxc4 Nf4 30. Re3 Rc8 31. Qf1 Rc2 32. Bxe5 Bxe5 33. Rxe5 Rxd2 34. Nxd2 Bxg2 35. Qa1 Bc6 36. Qc3 Nxh3+ 37. Kf1 Bb5+ 38. Ke1 Nf4 39. Rxb5 Qxb5 40. Qc4 Qe5+ 41. Kd1 Qa1+ 1/2-1/2

[Event "Longtou Cup 1st"]
[Site "Qinhuangdao"]
[Date "2018.05.27"]
[Round "2"]
[White "Stetsko, Lanita"]
[Black "Peng, Xiongjian"]
[Result "0-1"]
[WhiteElo "2209"]
[BlackElo "2427"]
[PlyCount "94"]
[EventDate "2018.05.26"]
[EventType "swiss"]
[EventRounds "9"]
[EventCountry "CHN"]
[SourceTitle "CBM 184 Extra"]
[Source "ChessBase"]
[SourceDate "2018.06.28"]
[SourceVersion "1"]
[SourceVersionDate "2018.06.28"]
[SourceQuality "1"]

1. e4 d6 2. d4 Nf6 3. Nc3 Nbd7 4. Nf3 e5 5. Bc4 Be7 6. 0-0 0-0 7. Re1 c6 8. a4 a5 9. h3 Qb6 10. b3 exd4 11. Qxd4 Qxd4 12. Nxd4 Re8 13. Ba3 Ne5 14. Bf1 Bd7 15. Rad1 Rad8 16. f4 Ng6 17. g3 Bf8 18. Bg2 h5 19. Nf3 Bc8 20. e5 dxe5 21. Rxd8 Rxd8 22. Bxf8 Kxf8 23. fxe5 Nd5 24. Ne4 Nb4 25. c3 Nd3 26. Rd1 Ke7 27. Neg5 Ndxe5 28. Re1 f6 29. Nxe5 Nxe5 30. Nf3 Kd6 31. Nxe5 fxe5 32. Rd1+ Ke7 33. Re1 Kd6 34. Rd1+ Kc7 35. Re1 Rd3 36. Rxe5 Rxg3 37. Rxh5 Rxc3 38. Rxa5 Bxh3 39. Be4 Rxb3 40. Rg5 Rb4 41. Rxg7+ Kb6 42. Bc2 Rg4+ 43. Rxg4 Bxg4 44. Kf2 Ka5 45. Ke3 b6 46. Kd4 c5+ 47. Kc3 Bd7 0-1

[Event "EU-ch (Women) 19th"]
[Site "Stary Smokovec"]
[Date "2018.04.16"]
[Round "8"]
[White "Manakova, Maria"]
[Black "Stetsko, Lanita"]
[Result "0-1"]
[WhiteElo "2268"]
[BlackElo "2164"]
[PlyCount "104"]
[EventDate "2018.04.08"]
[EventType "swiss"]
[EventRounds "11"]
[EventCountry "SVK"]
[SourceTitle "CBM 184 Extra"]
[Source "ChessBase"]
[SourceDate "2018.06.28"]
[SourceVersion "1"]
[SourceVersionDate "2018.06.28"]
[SourceQuality "1"]

1. e4 e5 2. Nf3 Nc6 3. Bc4 Bc5 4. c3 Nf6 5. d3 0-0 6. 0-0 d5 7. exd5 Nxd5 8. b4 Be7 9. b5 Na5 10. Bxd5 Qxd5 11. c4 Qd7 12. Bd2 e4 13. Bxa5 exf3 14. Qxf3 a6 15. Bc3 axb5 16. cxb5 Qxb5 17. Qg3 Qg5 18. Qxc7 Be6 19. Bd2 Qc5 20. Qxc5 Bxc5 21. Be3 Bxe3 22. fxe3 Rfc8 23. Rd1 Bb3 24. Rf1 Bxa2 25. Nd2 g6 26. Rfc1 Rxc1+ 27. Rxc1 Ra3 28. Rc8+ Kg7 29. Rd8 b5 30. Kf2 Be6 31. e4 Kf6 32. Ke3 b4 33. Rb8 b3 34. h3 h5 35. h4 Kg7 36. g3 Kf6 37. Rb7 g5 38. hxg5+ Kxg5 39. Nf3+ Kg4 40. Nd4 Kxg3 41. Rb5 Bg4 42. Nxb3 h4 43. Nd2 Ra1 44. e5 Re1+ 45. Kd4 h3 46. Ne4+ Kg2 47. Rb2+ Re2 48. Rb8 h2 49. Rb1 Bf5 50. Nd6 Bg6 51. Nc4 h1Q 52. Ne3+ Rxe3 0-1